000 00659nam a2200217Ia 4500
003 GCL
008 140319s9999 xx 000 0 ara d
020 _a8195345977
040 _aGCL /
_cGCL
082 0 4 _aط
_b372.52
_bق ن
100 1 _aداليا عبدالناصر
245 1 0 _aالنادى /
_cداليا عبدالناصر
700 1 _aهانى لطفى
250 _aالثانية
260 _aالقاهرة :
_bدار الفاروق للنشر والتوزيع
300 _a ؛
_c22 سم
490 _aهيا بنا نلون
_v0
650 0 4 _aرسوم الاطفال
650 0 4 _aالرسم - الطرق الفنية
942 _2ddc
_cBK
999 _c8822
_d8822